| 000 -LEADER |
| fixed length control field |
00595nam a22002177a 4500 |
| 003 - CONTROL NUMBER IDENTIFIER |
| control field |
OSt |
| 008 - FIXED-LENGTH DATA ELEMENTS--GENERAL INFORMATION |
| fixed length control field |
140315b xxu||||| |||| 00| 0 eng d |
| 041 ## - LANGUAGE CODE |
| Language code of text/sound track or separate title |
eng |
| 100 1# - MAIN ENTRY--PERSONAL NAME |
| Personal name |
Evans, Donald |
| 245 10 - TITLE STATEMENT |
| Title |
World of Donald Evans, The |
| 260 ## - PUBLICATION, DISTRIBUTION, ETC. (IMPRINT) |
| Place of publication, distribution, etc. |
New York |
| Name of publisher, distributor, etc. |
Harlin Quist ; Distributed by Dial/Delacorte Sales |
| 300 ## - PHYSICAL DESCRIPTION |
| Extent |
163 pages |
| 650 #0 - SUBJECT ADDED ENTRY--TOPICAL TERM |
| Topical term or geographic name as entry element |
Evans, Donald, 1945-1977 |
| 650 #0 - SUBJECT ADDED ENTRY--TOPICAL TERM |
| Topical term or geographic name as entry element |
United States |
| 650 #0 - SUBJECT ADDED ENTRY--TOPICAL TERM |
| Topical term or geographic name as entry element |
Artists and Designers |
| 650 #0 - SUBJECT ADDED ENTRY--TOPICAL TERM |
| Topical term or geographic name as entry element |
Designs |
| 650 #0 - SUBJECT ADDED ENTRY--TOPICAL TERM |
| Topical term or geographic name as entry element |
Bogus Issues |
| 650 #0 - SUBJECT ADDED ENTRY--TOPICAL TERM |
| Topical term or geographic name as entry element |
Cinderella Material |
| 650 #0 - SUBJECT ADDED ENTRY--TOPICAL TERM |
| Topical term or geographic name as entry element |
Postage Stamps in Art Type Book |
| 700 1# - ADDED ENTRY--PERSONAL NAME |
| Personal name |
Willy Eisenhart |